<?xml version="1.0" encoding="UTF-8"?>
<collection xmlns="http://www.loc.gov/MARC21/slim">
 <record>
  <leader>00416pamaa2200133   4500</leader>
  <controlfield tag="001">0000031701</controlfield>
  <controlfield tag="005">20090320090000.0</controlfield>
  <datafield tag="020" ind1="0" ind2="0">
   <subfield code="a">[nil] </subfield>
  </datafield>
  <datafield tag="090" ind1="0" ind2="0">
   <subfield code="a">HG1521 </subfield>
   <subfield code="b">INT 2000</subfield>
  </datafield>
  <datafield tag="245" ind1="0" ind2="0">
   <subfield code="a">INTERNATIONAL Financial markets aand the implications for monetary aand financial stability : </subfield>
   <subfield code="b">march 2000.</subfield>
  </datafield>
  <datafield tag="300" ind1=" " ind2=" ">
   <subfield code="a">iii, 384p.: </subfield>
   <subfield code="b">ill.; </subfield>
   <subfield code="c">28cm.</subfield>
  </datafield>
  <datafield tag="500" ind1="0" ind2="0">
   <subfield code="a">BIS Conference Papers vol. 8, March 2000</subfield>
  </datafield>
  <datafield tag="650" ind1="0" ind2="0">
   <subfield code="a">Finance </subfield>
  </datafield>
  <datafield tag="650" ind1="0" ind2="0">
   <subfield code="a">Seminar paper </subfield>
  </datafield>
 </record>
</collection>
